| 000 | 00964nam a2200277 i 4500 | ||
|---|---|---|---|
| 003 | DO-SdBNP | ||
| 005 | 20240829105726.0 | ||
| 007 | ta | ||
| 008 | 240829b1990 dr ||||| |||| 00| 0 spa d | ||
| 040 |
_aDO-BNPHU _bspa _cBNPHU _erda |
||
| 082 | 4 | _222 | |
| 100 | 1 |
_a Sáez , José Luis, _d1937- _4aut. _9620 _eautor |
|
| 245 | 1 | 4 |
_aLos jesuitas en la República Dominicana (1936-1986) / _cJosé Luis Sáez ; edición, Rafael Bello Peguero |
| 250 | _aprimera edición | ||
| 264 |
_aSanto Domingo : _bCentro de Información y Comunicación, _c1990. |
||
| 300 |
_avolumenes ; _c23 cm. |
||
| 336 |
_2rdacontent _atexto _btxt |
||
| 337 |
_2rdamedia _asin mediación _bn |
||
| 338 |
_2rdacarrier _avolumen _bnc |
||
| 500 | _aIncluye referencias bibliográficas y notas al pie de las páginas | ||
| 500 | _aLa biblioteca posee el volumen 2 | ||
| 590 | _aInventariado, 2024/BT | ||
| 700 |
_4ed. _aBello Peguero, Rafael, _eeditor |
||
| 910 | _aBtavárez | ||
| 942 |
_2ddc _cLBS1 |
||
| 999 |
_c57579 _d57579 |
||